000 00840nam a2200253 i 4500
001 15992
003 ES-MaACL
005 20250928133654.0
007 t|
008 000530s1998 sp ||||0| spa j
020 _a84-7846-721-1
040 _aM-BN
_bspa
_cM-BN
080 _a821.134.2 Pino, Francisco 1.06
100 1 _aPiedra, Antonio.
_991901
245 1 3 _aLa tensión poética en Francisco Pino /
_cAntonio Piedra.
260 _a[Valladolid] :
_bConsejería de Educación y Cultura,
_c1998.
300 _a235 p. ;
_c22 cm.
490 1 _aEnsayo/las ideas
600 1 4 _aPino, Francisco,
_d1910-2002-
_xCrítica e interpretación
_992166
710 1 _aCastilla y León.
_bConsejería de Educación y Cultura.
_92500
830 0 _aEnsayo/las ideas
_9179851
852 _aES-MaACL
_jL-23139
_bR.128263
999 _c15992
_d15992